Arsenal Current Squad (24/25) - Statistics

General Stats
  • This quiz has been taken 23 times
    14 since last reset
  • The average score is 25 of 25
Answer Stats
Answer % Correct
Ben White
100%
Bukayo Saka
100%
David Raya
100%
Declan Rice
100%
Gabriel Jesus
100%
Gabriel Magalhães
100%
Gabriel Martinelli
100%
Jakub Kiwior
100%
Jorginho
100%
Jurrien Timber
100%
Kai Havertz
100%
Leandro Trossard
100%
Martin Ødegaard
100%
Mikel Merino
100%
Neto
100%
Riccardo Calafiori
100%
Takehiro Tomiyasu
100%
Thomas Partey
100%
William Saliba
100%
Ethan Nwaneri
93%
Kieran Tierney
93%
Mikel Arteta
93%
Oleksandr Zinchenko
93%
Raheem Sterling
93%
Myles Lewis-Skelly
86%
No matching quizzes found
Score Distribution
Percent of People with Each Score
Percentile by Number Answered
Your Score History
You have not taken this quiz since the last reset